| 000 | 01121nam a2200289 c 4500 | ||
|---|---|---|---|
| 999 |
_c56508 _d56508 |
||
| 003 | BLK | ||
| 005 | 20220620095719.0 | ||
| 008 | 180408b bul|||||r ||||||| ||bul|| | ||
| 010 | _aKNG00060490000 | ||
| 040 | _aBLK | ||
| 041 |
_aBUL _cBUL |
||
| 080 |
_aПодобряване на растенията. Приложна генетика. Селекция _b631.52 _z631.52 |
||
| 100 | 1 |
_aГенчев, Генчо Желев _eпърви автор _9286923 |
|
| 139 |
_aГенчев, Генчо Желев _bГ 33 |
||
| 245 | 1 | 0 |
_aОснови на селекцията при селскостопанските култури _cГенчо Желев Генчев. |
| 257 | _aBGR | ||
| 260 |
_bЗемиздат _c1968 _fХасково : Ат. Стратиев _aСофия |
||
| 300 |
_a416 с. _bс ил. _c21 см |
||
| 380 | _a63 | ||
| 500 | _aБиблиогр.: с. 392-398 | ||
| 650 | 4 |
_aСелскостопански култури - генетика и селекция _9286925 |
|
| 852 | _aЦб 48226 | ||
| 856 | 4 | _qpdf | |
| 856 | 4 | _qpdf | |
| 942 |
_cKNG _n0 _s1 |
||
| 944 |
_aCR _c13.06.2004 _kЧиталня |
||
| 944 |
_aED _c11.08.2015 |
||
| 999 | _d56508 | ||